Family medicine : (Record no. 216521)
[ view plain ]
| 000 -LEADER | |
|---|---|
| fixed length control field | 00923nam a22002657a 4500 |
| 005 - DATE AND TIME OF LATEST TRANSACTION | |
| control field | 20260328123246.0 |
| 008 - FIXED-LENGTH DATA ELEMENTS--GENERAL INFORMATION | |
| fixed length control field | 260328b ||||| |||| 00| 0 eng d |
| 020 ## - INTERNATIONAL STANDARD BOOK NUMBER | |
| International Standard Book Number | 0387949585 |
| 040 ## - CATALOGING SOURCE | |
| Original cataloging agency | LC |
| Transcribing agency | UNZA |
| Description conventions | RDA |
| 050 ## - LIBRARY OF CONGRESS CALL NUMBER | |
| Classification number | RC 48 |
| Item number | FAM 1998 |
| 245 ## - TITLE STATEMENT | |
| Title | Family medicine : |
| Remainder of title | principles and practice / |
| Statement of responsibility, etc. | Robert B. Taylor, editor; Associate editors, Alan K. David; Thomas A. Johnson, Jr.; D. Melessa Phillips [and 1 other]. |
| 250 ## - EDITION STATEMENT | |
| Edition statement | Fifth edition. |
| 260 ## - PUBLICATION, DISTRIBUTION, ETC. | |
| Place of publication, distribution, etc. | New York : |
| Name of publisher, distributor, etc. | Springer, |
| Date of publication, distribution, etc. | 1998. |
| 300 ## - PHYSICAL DESCRIPTION | |
| Extent | xxx, 1191 pages : |
| Other physical details | illustrations. |
| 336 ## - CONTENT TYPE | |
| CONTENT TYPE | Text |
| 337 ## - MEDIA TYPE | |
| MEDIA TYPE | Unmediated |
| 338 ## - CARRIER TYPE | |
| CARRIER TYPE | Volume |
| 504 ## - BIBLIOGRAPHY, ETC. NOTE | |
| Bibliography, etc. note | Includes bibliographical references and index. |
| 650 ## - SUBJECT ADDED ENTRY--TOPICAL TERM | |
| Topical term or geographic name entry element | Family medicine. |
| 700 ## - ADDED ENTRY--PERSONAL NAME | |
| Personal name | Taylor, Robert B. |
| Relator term | editor |
| 700 ## - ADDED ENTRY--PERSONAL NAME | |
| Personal name | David, Alan K. |
| Relator term | associate editor |
| 700 ## - ADDED ENTRY--PERSONAL NAME | |
| Personal name | Johnson, Thomas A. |
| Relator term | associate editor |
| 700 ## - ADDED ENTRY--PERSONAL NAME | |
| Personal name | Phillips, D. Melessa |
| Relator term | associate editor |
| 999 ## - | |
| -- | 216521 |
| -- | 216521 |
| 942 ## - ADDED ENTRY ELEMENTS (KOHA) | |
| Koha item type | Book |
| Withdrawn status | Lost status | Source of classification or shelving scheme | Damaged status | Not for loan | Collection code | Home library | Current library | Shelving location | Date acquired | Cost, normal purchase price | Total Checkouts | Full call number | Barcode | Date last seen | Copy number | Cost, replacement price | Price effective from | Koha item type |
|---|---|---|---|---|---|---|---|---|---|---|---|---|---|---|---|---|---|---|
| Library of Congress Classification | Non-fiction | Medical Library | Medical Library | On Shelf | 03/28/2026 | 300.00 | RC 48 FAM 1998 | 33729000171269 | 03/28/2026 | 1 | 300.00 | 03/28/2026 | Book |